| 000 | 00669nam a22001817a 4500 | ||
|---|---|---|---|
| 003 | MACL | ||
| 005 | 20241022170530.0 | ||
| 008 | 241022b |||||||| |||| 00| 0 eng d | ||
| 040 | _cMACL | ||
| 082 | _a330 | ||
| 100 |
_aवालावलकर गिरीश _982759 |
||
| 245 | _aक्रिप्टो करेंसी | ||
| 260 |
_aपुणे _bमायमिरर पब्लिशिंग हाउस _c2023 |
||
| 440 |
_aक्रिप्टो करेंसी _982760 |
||
| 600 |
_aवालावलकर गिरीश _982759 |
||
| 650 | _aअर्थशास्त्र | ||
| 942 |
_2ddc _cHIN |
||
| 999 |
_c67480 _d67480 |
||